Genshin Combat Quiz - Statistics

General Stats
  • This quiz has been taken 20 times
  • The average score is 5 of 16
Answer Stats
Hint Answer % Correct
What was the most recent version in which Floors 9 and 10 were changed? 4 | 4.0
79%
Which character has this c6: "For every 1,000 points of Max HP, ___'s CRIT Rate and CRIT DMG will increase by 0.6% and 1.2% respectively. Nilou
53%
What is the name of the group of reactions that include quicken, spread and aggravate? Catalyse | Catalyze
47%
At what floor does "divergence" occur in the Spiral Abyss? Floor 5
37%
GU is the unit bound to the application of an element e.g. "GU required to break the abyss herald shield". What does GU stand for? Gauge Unit
37%
Besides anemo, what is the Setekh Wenut's elemental resistance? (spiral abyss version) 55%
32%
What is the only character that has a talent that boosts the additive base damage of spread or aggravate? Baizhu
32%
What is the name of Xianyun's bis 5 star weapon? Crane's echoing call
32%
Which artifact set has this 4-piece effect: "Using an Elemental Skill or Burst increases healing received by all party members by 20% for 10s"? Maiden Beloved
32%
What is the current world record time (in seconds) for a floor 12 9 star completion (glitchless)? 56
26%
Which character was the first to hit 9,999,999 damage without bounty, special effects, more than 3 supports, bugs or glitches? Arlecchino
26%
What is the % base HP scaling of enemies during a 4-person Co-op? 250% | 250
21%
Enemies in the Spiral Abyss have their HP increased by a certain % depending on the floor compared to their overworld counterpart. What is the % increase of floor 12? 150% | 150
16%
What are the 3 components that affect a character's hyperbloom damage? Character Level, Elemental Mastery, Enemy Resistance | Level, EM, Res
0%
The 4.5 floor 12 second half was known for having 3 bosses in each chamber, what were the 3 bosses in order? Jadeplume Terrorshroom, Perpetual Mechanical Array, Arithmetic Enhancer Mek | Dendro Chicken, PMA, Arithemtic Mek
0%
What two teams were used in the world record clear? (full team names) Neuvillette Hypercarry, Wriothesley Melt | Wriothesley Melt, Neuvillette Hypercarry
0%
No matching quizzes found
Score Distribution
Percent of People with Each Score
Percentile by Number Answered
Your Score History
You have not taken this quiz